000 00612nam a2200229Ia 4500
003 OSt
005 20240926101233.0
008 210329s9999||||xx |||||||||||||| ||und||
020 _a9788176383172
040 _cSTCPL
041 _aMAL
041 _hMAL
082 _aM07
_bSRE-K
100 _aSreekumar, R
_qആർ.ശ്രീകുമാർ
245 0 _aKoodiyattom /
_cby R.Sreekumar
_hകൂടിയാട്ടം
260 _aThiruvananthapuram :
_bKerala Bhasha Institute ,
_c2013 .
300 _a150 p.
_bPB
650 _aMalayalam literature
650 _aStudy
942 _cBK
942 _2ddc
999 _c67571
_d67571